[Event "Detroit (Class C/4/2)"]
[Site "?"]
[Date "1996.??.??"]
[Round "?"]
[White "Asbury, Victor"]
[Black "Boyle, John"]
[Result "1/2-1/2"]
[WhiteElo "1605"]
[BlackElo "1605"]
[PlyCount "121"]
[EventDate "1996.??.??"]

{4/(2)} 1. c4 c5 2. g3 Nc6 3. Bg2 g6 4. Nf3 Bg7 5. O-O Nf6 6. Nc3 d6 7. a3 Bg4
8. d3 Qd7 9. Rb1 Bh3 10. b4 Bxg2 11. Kxg2 cxb4 12. axb4 O-O 13. Qb3 a6 14. Bd2
Rfb8 15. Ng5 e6 16. Nge4 Nxe4 17. Nxe4 Nd4 18. Qd1 d5 19. Nc3 dxc4 20. dxc4
Qc6+ 21. f3 Qxc4 22. Re1 Qc7 23. Bf4 e5 24. Qxd4 exf4 25. Nd5 Qd6 26. Qd3 fxg3
27. hxg3 Rd8 28. Red1 Qe6 29. e4 Rd6 30. Qb3 Rad8 31. Rdc1 f5 32. Re1 fxe4 33.
fxe4 Kh8 34. Rbc1 Rc6 35. Rcd1 Rdd6 36. Re2 Be5 37. Qf3 Bg7 38. Rf1 Rd8 39. Qf7
Rf8 40. Qxe6 Rxe6 41. Rxf8+ Bxf8 42. Kf3 Kg7 43. Rc2 Rc6 44. Rxc6 bxc6 45. Nc7
Bxb4 46. Nxa6 c5 47. e5 Ba3 48. Ke4 Kf7 49. Kd5 h5 50. Nc7 Bb4 51. Ne6 Bd2 52.
Nxc5 g5 53. Ne4 Bc1 54. e6+ Ke7 55. Ke5 h4 56. gxh4 gxh4 57. Nf2 Be3 58. Nh3
Bd2 59. Kf5 Be1 60. Nf4 Bg3 61. Ng6+ 1/2-1/2

[Event "Kalamazoo (MI Am/3/24)"]
[Site "?"]
[Date "1996.??.??"]
[Round "?"]
[White "Arenson, Kevin"]
[Black "Oosterbaan, N."]
[Result "0-1"]
[WhiteElo "1605"]
[BlackElo "1605"]
[PlyCount "114"]
[EventDate "1996.??.??"]

{3/(24)} 1. e4 e5 2. Nf3 Nc6 3. Bc4 Nf6 4. Ng5 d5 5. exd5 Nxd5 6. Nxf7 Kxf7 7.
Qf3+ Ke6 8. Nc3 Ncb4 9. Nxd5 Nxd5 10. Qxd5+ Qxd5 11. Bxd5+ Kxd5 12. O-O Bd6 13.
b3 b6 14. Bb2 Re8 15. Rfe1 Bb7 16. Rad1 Kc6 17. Re3 Re7 18. d4 e4 19. Rde1 Kd7
20. c4 Rae8 21. g3 Kd8 22. Rd1 Kc8 23. a3 a5 24. Kg2 Kb8 25. Rd2 Bc8 26. h3 g5
27. Rde2 h5 28. Bc1 Rf7 29. Rxe4 Rxe4 30. Rxe4 Bb7 31. d5 Bc5 32. Re2 g4 33. h4
Rf3 34. Be3 Bxa3 35. Rd2 Kc8 36. Rd3 c6 37. Rd1 cxd5 38. cxd5 Bc5 39. Bxc5 bxc5
40. Rc1 Kd7 41. Rxc5 Kd6 42. Rxa5 Bxd5 43. Kg1 Rxb3 44. Ra1 Rb2 45. Rd1 Ke5 46.
Re1+ Be4 47. Kf1 Kd4 48. Rd1+ Bd3+ 49. Ke1 Ke4 50. Rd2 Rxd2 51. Kxd2 Bb5 52.
Ke1 Kf3 53. Kd2 Kxf2 54. Kd1 Kxg3 55. Ke1 Kxh4 56. Kf2 Kg5 57. Kg1 h4 0-1

[Event "Kalamazoo (MI Am/1/23)"]
[Site "?"]
[Date "1996.??.??"]
[Round "?"]
[White "Arenson, Kevin"]
[Black "Martell, Raul"]
[Result "0-1"]
[WhiteElo "1605"]
[BlackElo "1605"]
[PlyCount "68"]
[EventDate "1996.??.??"]

{1/(23)} 1. e4 e5 2. Nf3 Nc6 3. Bc4 Bc5 4. b4 Bxb4 5. c3 Be7 6. d4 exd4 7. Nxd4
Ne5 8. Bb3 d6 9. O-O Nf6 10. Qe2 O-O 11. Bg5 Re8 12. Nd2 Ned7 13. Qc4 Ne5 14.
Qe2 Nfd7 15. Bxe7 Qxe7 16. Nf5 Qg5 17. f4 Qg4 18. Bxf7+ Kxf7 19. fxe5 Qxe2 20.
Nd4+ Qxf1+ 21. Rxf1+ Kg8 22. exd6 cxd6 23. Nb5 Rf8 24. Nxd6 b6 25. Re1 Ne5 26.
Nb3 Be6 27. Nd4 Bxa2 28. N4f5 Be6 29. Nd4 Bc8 30. N4b5 Bd7 31. Ra1 Bxb5 32.
Nxb5 Rf7 33. Nd6 Rd7 34. Nf5 Rd2 0-1

[Event "Kalamazoo (Mini-Swiss.2/2)"]
[Site "?"]
[Date "1996.??.??"]
[Round "?"]
[White "Anthony, James"]
[Black "Butcher, C."]
[Result "1-0"]
[WhiteElo "1605"]
[BlackElo "1605"]
[PlyCount "107"]
[EventDate "1996.??.??"]

{2/(2)} 1. e4 e5 2. Nf3 Nc6 3. d4 Nf6 4. Nc3 d5 5. exd5 Nxd5 6. dxe5 Be6 7.
Nxd5 Qxd5 8. Bf4 O-O-O 9. Qxd5 Rxd5 10. a3 Bc5 11. Bd3 h6 12. O-O Nd4 13. Ne1
g5 14. Be3 Rxe5 15. c3 Nf5 16. Bxc5 Rxc5 17. Nf3 g4 18. Bxf5 Bxf5 19. Nd4 Bd7
20. Rfe1 h5 21. Re4 Re8 22. Rae1 Kd8 23. Kf1 f6 24. Ne6+ Bxe6 25. Rxe6 Rxe6 26.
Rxe6 f5 27. g3 Rc6 28. Rxc6 bxc6 29. Ke2 Kd7 30. Ke3 Ke6 31. Kf4 Kf6 32. b4 c5
33. b5 Ke6 34. c4 Kd6 35. Kxf5 Ke7 36. Kg5 Ke6 37. Kf4 Kd6 38. a4 Ke6 39. a5
Kd6 40. f3 gxf3 41. Kxf3 Ke5 42. Ke3 Kf5 43. h3 Ke5 44. g4 h4 45. g5 Kf5 46. g6
Kxg6 47. Kf4 Kh5 48. Kf5 Kh6 49. Kg4 Kg6 50. Kxh4 Kh6 51. Kg4 Kg6 52. h4 Kh6
53. h5 Kh7 54. Kf5 1-0

[Event "Lansing (MOR/6/29)"]
[Site "?"]
[Date "1996.??.??"]
[Round "?"]
[White "Andreas, L."]
[Black "Westberg, A."]
[Result "1-0"]
[WhiteElo "1605"]
[BlackElo "1605"]
[PlyCount "49"]
[EventDate "1996.??.??"]

{6/(29)} 1. d4 d6 2. Nf3 g6 3. Bf4 Bg7 4. Nbd2 Nf6 5. h3 O-O 6. e3 Nc6 7. c3 a6
8. Bd3 Re8 9. O-O e5 10. Bh2 Be6 11. Ng5 Nd5 12. Nxe6 Rxe6 13. Bc4 Nce7 14. Nf3
Rf6 15. dxe5 dxe5 16. Bxe5 Rc6 17. Qd4 Bxe5 18. Nxe5 Rd6 19. e4 Nb6 20. Bxf7+
Kf8 21. Qe3 Ng8 22. Bb3 Qe7 23. f4 Nd7 24. a4 Nxe5 25. fxe5+ 1-0

[Event "Lansing (MOR/4/33)"]
[Site "?"]
[Date "1996.??.??"]
[Round "?"]
[White "Andreas, L."]
[Black "Meek, R."]
[Result "0-1"]
[WhiteElo "1605"]
[BlackElo "1605"]
[PlyCount "126"]
[EventDate "1996.??.??"]

{4/(33)} 1. d4 Nf6 2. Nf3 e6 3. Bf4 d5 4. Nbd2 Bd6 5. Ne5 O-O 6. h3 c5 7. c3
cxd4 8. cxd4 Nc6 9. Ndf3 Bb4+ 10. Bd2 Bxd2+ 11. Qxd2 Ne4 12. Nxc6 Nxd2 13. Nxd8
Nxf3+ 14. exf3 Rxd8 15. Bd3 Bd7 16. O-O Rac8 17. f4 a6 18. a4 g6 19. b4 Rc3 20.
Rfd1 Rdc8 21. a5 Rb3 22. Rab1 Rxb1 23. Rxb1 Rc3 24. Be2 Rc2 25. Bd3 Rd2 26. Rb3
Bb5 27. Bxb5 axb5 28. Rc3 Kg7 29. Rc7 Rxd4 30. Rxb7 Rxb4 31. a6 Ra4 32. Rxb5
Rxa6 33. Rb4 Kf6 34. g4 h5 35. Kg2 hxg4 36. hxg4 Ra7 37. Kg3 Ke7 38. g5 Kd6 39.
Rb8 Kc5 40. Rd8 Kc4 41. Kg4 Kd3 42. f5 gxf5+ 43. Kf4 Rc7 44. Ke5 Ke2 45. f4 Ke3
46. Rf8 d4 47. Kf6 d3 48. Rxf7 Rxf7+ 49. Kxf7 d2 50. g6 d1=Q 51. g7 Qg1 52.
g8=Q Qxg8+ 53. Kxg8 Kxf4 54. Kf7 e5 55. Kf6 e4 56. Ke6 e3 57. Kf6 e2 58. Ke6
e1=Q+ 59. Kf6 Qa5 60. Kg6 Kg4 61. Kf7 Kg5 62. Kg8 Qc7 63. Kh8 Kg6 0-1

[Event "Lansing (MOR/2/22)"]
[Site "?"]
[Date "1996.??.??"]
[Round "?"]
[White "Andreas, L."]
[Black "Martell, Raul"]
[Result "0-1"]
[WhiteElo "1605"]
[BlackElo "1605"]
[PlyCount "36"]
[EventDate "1996.??.??"]

{2/(22)} 1. d4 d5 2. Nf3 Bf5 3. Bf4 e6 4. Nbd2 Nc6 5. c3 Bd6 6. Ne5 Nge7 7. e3
Nxe5 8. dxe5 Bc5 9. b4 Bb6 10. Be2 c5 11. Qa4+ Nc6 12. b5 Ne7 13. e4 dxe4 14.
Nxe4 Bxe4 15. Qxe4 Nd5 16. Rd1 Qc7 17. Bd2 Ba5 18. Rc1 Rd8 {[Remainder
illegible; 0-1, 67?]} 0-1

[Event "Cadillac Open/2/7"]
[Site "?"]
[Date "1996.??.??"]
[Round "?"]
[White "Anderson, Gale"]
[Black "Wysocki, Jason"]
[Result "0-1"]
[WhiteElo "1720"]
[BlackElo "2125"]
[PlyCount "88"]
[EventDate "1996.??.??"]

{2/7} 1. e4 Nc6 2. Nf3 e6 3. d4 d5 4. Nc3 Bb4 5. Bb5 dxe4 6. Ne5 Bd7 7. Nxd7
Qxd7 8. O-O a6 9. Bxc6 Qxc6 10. Qg4 Ne7 11. Qxe4 O-O-O 12. Qxc6 Nxc6 13. Ne2
Be7 14. c3 g5 15. f4 g4 16. Be3 h5 17. Ng3 f5 18. Rae1 h4 19. Ne2 h3 20. g3 b5
21. Nc1 Bd6 22. Re2 Ne7 23. Rfe1 Rh6 24. Nd3 Nd5 25. Bd2 Kd7 26. Ne5+ Bxe5 27.
fxe5 Rg6 28. Rf2 Rc8 29. b3 c5 30. c4 bxc4 31. bxc4 Nb6 32. d5 exd5 33. cxd5
Nxd5 34. Rxf5 Ke6 35. Rg5 Rxg5 36. Bxg5 c4 37. Bc1 Nb4 38. Re2 Rd8 39. Bf4 Rd1+
40. Kf2 Nd3+ 41. Ke3 Re1 42. Bh6 Rxe2+ 43. Kxe2 Nxe5 44. Ke3 Nf3 0-1

[Event "Cadillac Open/4/8"]
[Site "?"]
[Date "1996.??.??"]
[Round "?"]
[White "Anderson, Gale"]
[Black "Kitts, Gary"]
[Result "0-1"]
[WhiteElo "1720"]
[BlackElo "2000"]
[PlyCount "70"]
[EventDate "1996.??.??"]

{4/8} 1. e4 e6 2. d4 d5 3. Nc3 Nf6 4. Bg5 Bb4 5. e5 h6 6. Bd2 Bxc3 7. Bxc3 Ne4
8. Qf3 O-O 9. Nh3 c5 10. O-O-O c4 11. Qe3 Nc6 12. f4 b5 13. Nf2 Nxc3 14. Qxc3
b4 15. Qe3 Qa5 16. Kb1 Rb8 17. Ne4 dxe4 18. Bxc4 Bb7 19. d5 exd5 20. Bxd5 Ne7
21. Bxe4 Bxe4 22. Qxe4 Rfd8 23. b3 Qb6 24. g4 Qc6 25. Qxc6 Nxc6 26. Kb2 Kf8 27.
h4 Ke7 28. a3 a5 29. Rxd8 Rxd8 30. Rh2 Rd1 31. c3 bxa3+ 32. Kxa3 Ra1+ 33. Kb2
Rf1 34. e6 Rxf4 35. exf7 Rxg4 0-1

[Event "Ann Arbor (Ann Arbor Open, U2000/4)"]
[Site "?"]
[Date "1996.??.??"]
[Round "?"]
[White "Alson, Jeff"]
[Black "Morris, Jewell"]
[Result "1/2-1/2"]
[WhiteElo "1995"]
[BlackElo "1895"]
[PlyCount "137"]
[EventDate "1996.??.??"]

{2000/(4)} 1. e4 c5 2. Nf3 g6 3. c3 Bg7 4. d4 cxd4 5. cxd4 d6 6. Bc4 Nc6 7. O-O
Nf6 8. d5 Nb8 9. Nc3 Nbd7 10. Be3 O-O 11. Qd2 Ng4 12. Bd4 Nge5 13. Nxe5 Nxe5
14. Be2 f6 15. f4 Nf7 16. Qe3 b6 17. Rac1 Bd7 18. Ba6 Qe8 19. Qe2 Rb8 20. Nb5
Bxb5 21. Bxb5 Qd8 22. Rc2 Rc8 23. Rfc1 Rxc2 24. Qxc2 Qa8 25. Qc7 f5 26. Bxg7
Kxg7 27. Qxe7 fxe4 28. Qxe4 Qd8 29. Qd4+ Kg8 30. Re1 Qh4 31. g3 Qg4 32. Be2 Qd7
33. Bf3 Qf5 34. Kg2 Ng5 35. Bd1 Qh3+ 36. Kg1 Nf7 37. Qe4 Nh6 38. Qe6+ Qxe6 39.
Rxe6 Nf5 40. g4 Nd4 41. Rxd6 Rxf4 42. Kg2 Nb5 43. Rc6 Rd4 44. Bf3 Kf7 45. Rc2
Ke7 46. Kf2 Rf4 47. Re2+ Kd6 48. Re6+ Kd7 49. Re4 Rxe4 50. Bxe4 Kd6 51. Ke3 Ke5
52. h4 Nd6 53. Bf3 Nc4+ 54. Kd3 Nxb2+ 55. Kc3 Na4+ 56. Kb4 Nc5 57. Kb5 Kd6 58.
a4 Kc7 59. Bd1 a6+ 60. Kc4 Kd6 61. Kd4 b5 62. axb5 axb5 63. Be2 b4 64. Bc4 b3
65. Kc3 Ke5 66. Kb4 b2 67. Ba2 b1=Q+ 68. Bxb1 Kxd5 69. h5 1/2-1/2

[Event "Ann Arbor (Ann Arbor Open, U2000/2)"]
[Site "?"]
[Date "1996.??.??"]
[Round "?"]
[White "Alson, Jeff"]
[Black "Meza, L."]
[Result "1-0"]
[WhiteElo "1995"]
[BlackElo "1810"]
[PlyCount "119"]
[EventDate "1996.??.??"]

{2000/(2)} 1. e4 c5 2. Nf3 Nc6 3. Bb5 d6 4. O-O Bd7 5. Re1 a6 6. Bf1 Bg4 7. h3
Bh5 8. c3 Nf6 9. d3 e6 10. Nbd2 Be7 11. Nb3 h6 12. d4 cxd4 13. Nbxd4 O-O 14.
Nxc6 bxc6 15. e5 dxe5 16. Qxd8 Rfxd8 17. Nxe5 Bd6 18. Nxc6 Rdc8 19. Nd4 Nd7 20.
Be3 Nc5 21. b3 Ne4 22. Bd3 Nxc3 23. g4 Bg6 24. Bxg6 fxg6 25. Nxe6 g5 26. Bd4
Bb4 27. a3 Bd6 28. Bxg7 Kh7 29. Be5 Be7 30. Nd4 Nb5 31. Nxb5 axb5 32. Bb2 Bc5
33. Re2 Rf8 34. Rc1 Bd6 35. Rd1 Rad8 36. Rxd6 Rxd6 37. Re7+ Kg8 38. Rg7+ Kh8
39. Rxg5+ Kh7 40. Rg7+ Kh8 41. Rg6+ Kh7 42. Rxd6 Rf3 43. Rd4 Rxb3 44. Rb4 Rxh3
45. Rxb5 Rf3 46. a4 Rf4 47. a5 Rxg4+ 48. Kh2 Rh4+ 49. Kg3 Ra4 50. Bc1 Ra1 51.
Be3 Ra3 52. Rh5 Kg7 53. Kg2 Ra4 54. Rb5 Rg4+ 55. Kh3 Ra4 56. Rb7+ Kg8 57. Ra7
h5 58. a6 Kf8 59. Ra8+ Ke7 60. a7 1-0

[Event "Ann Arbor (Mini-Swiss/2)"]
[Site "?"]
[Date "1996.??.??"]
[Round "?"]
[White "Alliston, Richard"]
[Black "Solon, Nathan"]
[Result "0-1"]
[WhiteElo "1605"]
[BlackElo "1605"]
[PlyCount "68"]
[EventDate "1996.??.??"]

1. d4 f5 2. c4 Nf6 3. Nc3 e6 4. Qc2 d5 5. e3 Bd6 6. Nf3 O-O 7. c5 Be7 8. Bd3 c6
9. O-O Nbd7 10. Ng5 Nb8 11. b4 Qc7 12. Nf3 Ne4 13. g3 Nd7 14. Bb2 Bf6 15. a4 e5
16. Ne2 Nxg3 17. hxg3 e4 18. Bxe4 fxe4 19. Nd2 Bg5 20. Kg2 Nf6 21. Nf4 Bxf4 22.
exf4 Bg4 23. Rh1 Nh5 24. Rh4 Nxf4+ 25. Kf1 Be2+ 26. Kg1 Bd3 27. Qd1 Ne2+ 28.
Kg2 Qf7 29. Qe1 Rae8 30. Ra3 e3 31. Rxd3 exd2 32. Qf1 d1=Q 33. Rxd1 Qf3+ 34.
Kh3 Nxg3 0-1

[Event "Detroit (MI Action/5/3)"]
[Site "?"]
[Date "1996.??.??"]
[Round "?"]
[White "Aldrich, Justin"]
[Black "al-Shareef, Robert"]
[Result "1-0"]
[WhiteElo "1605"]
[BlackElo "1670"]
[PlyCount "78"]
[EventDate "1996.??.??"]

{5/(3)} 1. e4 c5 2. Nf3 d6 3. Bb5+ Bd7 4. Bxd7+ Qxd7 5. Nc3 Nc6 6. d3 Nf6 7.
O-O g6 8. Bg5 Bg7 9. h3 O-O 10. Qd2 Rfe8 11. Bh6 Bh8 12. Ng5 Nd4 13. f4 e6 14.
Ne2 Nh5 15. Nxd4 Bxd4+ 16. Kh2 Bxb2 17. Rab1 Bg7 18. Bxg7 Kxg7 19. Rf3 h6 20.
Rbf1 f5 21. g4 Nf6 22. exf5 exf5 23. gxf5 hxg5 24. fxg5 Nd5 25. fxg6 Kxg6 26.
c4 Ne7 27. Rf6+ Kg7 28. Rf7+ Kg8 29. Qc3 Nf5 30. Rxd7 Re2+ 31. Kg1 Nd4 32. Rf4
Rc2 33. Qe1 Ne2+ 34. Kf2 Nxf4+ 35. Kg3 Rf8 36. Qe7 Rg2+ 37. Kf3 Ng6+ 38. Qxf8+
Nxf8 39. Rxb7 Rxa2 {[Remainder unavailable]} 1-0

[Event "Lansing (MOR/5/15)"]
[Site "?"]
[Date "1996.??.??"]
[Round "?"]
[White "Aldrich, Justin"]
[Black "Walquist, Elaine"]
[Result "1-0"]
[WhiteElo "1605"]
[BlackElo "1730"]
[PlyCount "149"]
[EventDate "1996.??.??"]

{5/(15)} 1. e4 c5 2. Nf3 Nc6 3. c3 d5 4. exd5 Qxd5 5. Be2 e5 6. O-O Be7 7. d3
Nf6 8. Be3 O-O 9. Nbd2 Bg4 10. h3 Bxf3 11. Nxf3 Rad8 12. Nd2 e4 13. dxe4 Nxe4
14. Bf3 f5 15. Nxe4 Qf7 16. Qc2 fxe4 17. Bxe4 h6 18. c4 Kh8 19. Rad1 Rxd1 20.
Rxd1 Qh5 21. a3 Nd8 22. Rd5 Qh4 23. Bxc5 Bxc5 24. Rxc5 Re8 25. Bd3 Re1+ 26. Bf1
Qe7 27. Qd2 Nc6 28. Rd5 Ra1 29. Rd3 Qe4 30. Re3 Qxc4 31. Re8+ Kh7 32. Re1 Rxe1
33. Qxe1 Qb3 34. Qe4+ g6 35. Bd3 Qf7 36. h4 h5 37. Bc4 Qf8 38. Qd5 Kg7 39. b4
Kh8 40. b5 Nd8 41. Qe5+ Kh7 42. Qc7+ Kh6 43. Qa5 Qf6 44. Qd2+ Kg7 45. Qd7+ Kf8
46. Qd5 Ke8 47. Qg8+ Kd7 48. Bd3 Qxh4 49. Bxg6 Qf4 50. Qd5+ Kc7 51. Qc5+ Kb8
52. Bf5 Qc7 53. Qxc7+ Kxc7 54. Kh2 Kb6 55. a4 Kc5 56. Kh3 Kd5 57. Bg6 Ne6 58.
g3 Nc5 59. Bxh5 Nxa4 60. Bf3+ Kc5 61. Bxb7 Kxb5 62. g4 Nc5 63. Bd5 Nd3 64. Kg3
Kc5 65. Ba2 Kd6 66. f4 a5 67. g5 Ke7 68. f5 Ne5 69. Kh4 a4 70. Kh5 a3 71. f6+
Kf8 72. g6 Nf7 73. Bxf7 a2 74. Bxa2 Ke8 75. g7 1-0

[Event "Lansing (MOR/7/10)"]
[Site "?"]
[Date "1996.??.??"]
[Round "?"]
[White "Aldrich, Justin"]
[Black "Velasquez, A."]
[Result "1-0"]
[WhiteElo "1605"]
[BlackElo "1690"]
[PlyCount "139"]
[EventDate "1996.??.??"]

{7/(10)} 1. e4 c5 2. Nf3 Nc6 3. c3 d5 4. exd5 Qxd5 5. d4 cxd4 6. Nxd4 Nxd4 7.
Qxd4 Qxd4 8. cxd4 Bd7 9. Nc3 e6 10. Bf4 Bb4 11. Bd3 Rc8 12. Rc1 a6 13. O-O Ne7
14. Ne4 O-O 15. a3 Ba5 16. Bd6 Rfe8 17. Be5 Rxc1 18. Rxc1 Bc6 19. Nd6 Rd8 20.
Nc4 Bb5 21. Nxa5 Bxd3 22. Nxb7 Rc8 23. Rxc8+ Nxc8 24. Nc5 Be2 25. f3 Ne7 26.
Kf2 Bc4 27. b3 Bd5 28. Bd6 Nc6 29. Ke3 Na5 30. Nxa6 Bxb3 31. Bb4 Bc4 32. Bxa5
Bxa6 33. Bb4 Bb5 34. Ke4 f6 35. d5 Kf7 36. d6 Ke8 37. Kd4 Kd7 38. Kc5 Ba4 39.
Kb6 e5 40. Ka5 Bc6 41. a4 f5 42. Bc5 e4 43. fxe4 fxe4 44. g3 e3 45. Bxe3 Kxd6
46. Kb4 Kd5 47. a5 Ke4 48. Bf4 Kd5 49. a6 h6 50. h4 Ba8 51. Kb5 h5 52. Kb6 Ke4
53. Kc7 Kf5 54. Kb8 Bd5 55. a7 g6 56. a8=Q Bxa8 57. Kxa8 Ke6 58. Kb7 Kd5 59.
Kc7 Ke6 60. Kc6 Ke7 61. Kd5 Kf6 62. Kd6 Kf7 63. Ke5 Ke7 64. Bg5+ Kf7 65. Kf4
Ke6 66. g4 hxg4 67. Kxg4 Ke5 68. Bd8 Ke6 69. Kg5 Kf7 70. Kh6 1-0

[Event "Detroit (MI Action/6/2)"]
[Site "?"]
[Date "1996.??.??"]
[Round "?"]
[White "Aldrich, Justin"]
[Black "Thompson, Dexter"]
[Result "0-1"]
[WhiteElo "1605"]
[BlackElo "2305"]
[PlyCount "28"]
[EventDate "1996.??.??"]

{6/(2)} 1. e4 e5 2. Nf3 Nc6 3. Bc4 Nf6 4. Ng5 d5 5. exd5 Na5 6. Bb5+ c6 7. dxc6
bxc6 8. Be2 h6 9. Nf3 e4 10. Ng1 Bc5 11. f3 Qd4 12. d3 Qf2+ 13. Kd2 e3+ 14. Kc3
Nd5# 0-1

[Event "Detroit (MI Action/2/4)"]
[Site "?"]
[Date "1996.??.??"]
[Round "?"]
[White "Aldrich, Justin"]
[Black "Sanborn, Richard"]
[Result "1-0"]
[WhiteElo "1605"]
[BlackElo "1810"]
[PlyCount "69"]
[EventDate "1996.??.??"]

{2/(4)} 1. e4 c5 2. Nf3 Nc6 3. Bb5 d6 4. Nc3 a6 5. Bc4 Nf6 6. O-O g6 7. d3 Bg7
8. Bg5 O-O 9. h3 Na5 10. Bb3 Nxb3 11. axb3 Qc7 12. Qd2 Rd8 13. Rfe1 Be6 14. Bh6
Bh8 15. Ng5 Nd7 16. f4 b5 17. Nxe6 fxe6 18. f5 b4 19. Na4 Bd4+ 20. Kh1 exf5 21.
exf5 Bf6 22. fxg6 hxg6 23. Bg5 Ne5 24. Re4 Kf7 25. Rf1 Rh8 26. Bxf6 exf6 27.
Ref4 f5 28. d4 cxd4 29. Rxd4 Rad8 30. Rxb4 Qc6 31. Qe3 Qxc2 32. Rb7+ Kf6 33.
Nc3 Qd3 34. Qe1 Ng4 35. Qe7# 1-0

[Event "Lansing (MOR/1b/1)"]
[Site "?"]
[Date "1996.??.??"]
[Round "?"]
[White "Aldrich, Justin"]
[Black "Rosenberg, Steve"]
[Result "1-0"]
[WhiteElo "1605"]
[BlackElo "1755"]
[PlyCount "120"]
[EventDate "1996.??.??"]

1. e4 Nf6 2. Nc3 e5 3. Bc4 Be7 4. Nf3 d6 5. h3 c5 6. d3 O-O 7. O-O Be6 8. Bg5
Nbd7 9. Nd2 a6 10. f4 h6 11. fxe5 dxe5 12. Be3 Bxc4 13. Nxc4 b5 14. Nd2 Nb6 15.
Nf3 Nfd7 16. Qe1 Qc7 17. Qg3 Qd6 18. Nh4 Bxh4 19. Qxh4 Rae8 20. Ne2 Nc8 21. Ng3
Ne7 22. Nf5 Nxf5 23. exf5 Kh7 24. Rf3 Qc7 25. Qg3 c4 26. dxc4 Qxc4 27. Bd2 Qd4+
28. Be3 Qxb2 29. Raf1 Qxc2 30. f6 Nxf6 31. Rxf6 gxf6 32. Rxf6 Re6 33. Bxh6 Rg8
34. Rxf7+ Kxh6 35. Qh4+ Kg6 36. Qh7+ Kg5 37. Qxc2 Reg6 38. Qf5+ Kh6 39. Rf6
Rxf6 40. Qxf6+ Rg6 41. Qh4+ Kg7 42. Qe7+ Kh8 43. Qxe5+ Kh7 44. Qf5 Kh6 45. h4
b4 46. g4 b3 47. axb3 a5 48. Qf8+ Kh7 49. Qf5 Kh6 50. Kh2 a4 51. bxa4 Kg7 52.
h5 Rf6 53. Qxf6+ Kxf6 54. a5 Kg5 55. a6 Kh4 56. a7 Kxg4 57. a8=Q Kf4 58. Qd5
Ke3 59. Qc4 Kd2 60. Qb3 Ke2 1-0

[Event "Lansing (MOR/3/35)"]
[Site "?"]
[Date "1996.??.??"]
[Round "?"]
[White "Aldrich, Justin"]
[Black "Nikitin, Matt"]
[Result "1-0"]
[WhiteElo "1605"]
[BlackElo "1605"]
[PlyCount "25"]
[EventDate "1996.??.??"]

{3/(35)} 1. e4 e5 2. Nf3 d6 3. Bc4 Nf6 4. Nc3 g6 5. Ng5 Qd7 6. Nxf7 Rg8 7. Ng5
Rg7 8. Ne6 Re7 9. Nxf8 Kxf8 10. Qf3 Kg7 11. d3 Nc6 12. Bg5 Nd4 13. Qxf6# 1-0

[Event "Flint (MI Jr/3/10)"]
[Site "?"]
[Date "1996.??.??"]
[Round "?"]
[White "Aldrich, Justin"]
[Black "Hamade, Wael"]
[Result "1-0"]
[WhiteElo "1605"]
[BlackElo "1605"]
[PlyCount "43"]
[EventDate "1996.??.??"]

{3/(10)} 1. e4 e5 2. Nf3 Nc6 3. Bc4 h6 4. Nc3 Bc5 5. d3 Nf6 6. h3 Bxf2+ 7. Kxf2
O-O 8. Be3 d6 9. Nd5 Nxd5 10. Bxd5 Bd7 11. Rf1 a6 12. Kg1 Nb4 13. Bb3 Bb5 14.
Nh2 a5 15. Qg4 Bd7 16. Qg3 Kh7 17. Bxf7 g5 18. Ng4 Bxg4 19. Qxg4 Nxc2 20. Qf5+
Kh8 21. Qg6 Rxf7 22. Rxf7 1-0

[Event "Flint (MI Jr/5/7)"]
[Site "?"]
[Date "1996.??.??"]
[Round "?"]
[White "Aldrich, Justin"]
[Black "Charette, K."]
[Result "0-1"]
[WhiteElo "1605"]
[BlackElo "1605"]
[PlyCount "112"]
[EventDate "1996.??.??"]

{5/(7)} 1. e4 e5 2. Nf3 Nf6 3. Nxe5 d6 4. Nf3 Nxe4 5. d3 Nf6 6. Nc3 Be7 7. Be3
Nbd7 8. Be2 d5 9. h3 O-O 10. d4 Nb6 11. Ne5 Re8 12. Bg5 Nfd7 13. Bxe7 Rxe7 14.
Nxd7 Bxd7 15. O-O c6 16. Na4 Nxa4 17. Rb1 Nb6 18. Bd3 Be6 19. Qh5 g6 20. Qh6
Qf8 21. Qg5 Rae8 22. f4 f5 23. Rf3 Qg7 24. c3 Nd7 25. Re1 Nf6 26. Rg3 Ne4 27.
Bxe4 dxe4 28. h4 Bf7 29. h5 Re6 30. Qh4 Qf6 31. Qh3 Kf8 32. hxg6 hxg6 33. Rge3
Ke7 34. g3 Kd8 35. Qg2 R6e7 36. Qc2 g5 37. R1e2 gxf4 38. gxf4 Qh4 39. Rg2 Qxf4
40. Ree2 Rg8 41. Ref2 Rxg2+ 42. Kxg2 Qg4+ 43. Kf1 Bc4+ 44. Re2 Qxe2+ 45. Qxe2
Bxe2+ 46. Kxe2 f4 47. a4 f3+ 48. Ke3 Rf7 49. Kf2 e3+ 50. Kf1 f2 51. c4 e2+ 52.
Kxe2 f1=Q+ 53. Kd2 Rf2+ 54. Kc3 Qc1+ 55. Kb4 Qxb2+ 56. Kc5 Qa3# 0-1

[Event "Flint (MI Jr/1/12)"]
[Site "?"]
[Date "1996.??.??"]
[Round "?"]
[White "Aldrich, Justin"]
[Black "Banks, David"]
[Result "1-0"]
[WhiteElo "1605"]
[BlackElo "1605"]
[PlyCount "61"]
[EventDate "1996.??.??"]

{1/(12)} 1. e4 c6 2. Nf3 d5 3. Nc3 e6 4. d4 Bb4 5. exd5 cxd5 6. Bd2 Bxc3 7.
Bxc3 Nf6 8. Bb5+ Bd7 9. Bxd7+ Nbxd7 10. Bb4 Qb6 11. c3 a5 12. Qa4 Qc6 13. Qxc6
bxc6 14. Ba3 Nb6 15. b3 a4 16. O-O Ra7 17. Ne5 Ng8 18. Nxc6 Rc7 19. Ne5 Rxc3
20. Bc5 Nd7 21. Nxd7 Kxd7 22. bxa4 Rc4 23. a5 Ra4 24. Bb6 Ne7 25. Rfc1 Nc6 26.
h3 Nxd4 27. Rc7+ Kd6 28. Rxf7 g6 29. Rd1 Nc6 30. Rc1 Nxa5 31. Bc7# 1-0

[Event "Howell (US Am N/2/16)"]
[Site "?"]
[Date "1996.??.??"]
[Round "?"]
[White "Aldrich, Jeff"]
[Black "Wright, Ken"]
[Result "1-0"]
[WhiteElo "1915"]
[BlackElo "1615"]
[PlyCount "33"]
[EventDate "1996.??.??"]

{2/(16)} 1. d4 d5 2. c4 e6 3. Nc3 h6 4. Nf3 Bb4 5. e3 Nf6 6. Qa4+ Nc6 7. Ne5
Bxc3+ 8. bxc3 Bd7 9. Nxd7 Qxd7 10. Ba3 Ne4 11. Rc1 f5 12. cxd5 exd5 13. c4
O-O-O 14. c5 a6 15. Bxa6 Nb8 16. c6 Nxc6 17. Bxb7+ 1-0

[Event "Detroit (Class A/5/9)"]
[Site "?"]
[Date "1996.??.??"]
[Round "?"]
[White "Aldrich, Jeff"]
[Black "Walker, Douglas"]
[Result "0-1"]
[WhiteElo "1915"]
[BlackElo "1885"]
[PlyCount "116"]
[EventDate "1996.??.??"]

{5/(9)} 1. d4 Nf6 2. c4 g6 3. Nc3 Bg7 4. e4 d6 5. Be2 O-O 6. f4 e5 7. dxe5 dxe5
8. Qxd8 Rxd8 9. Nd5 Nxd5 10. cxd5 c6 11. Bf3 exf4 12. Bxf4 Bxb2 13. Rb1 Bc3+
14. Kf2 cxd5 15. exd5 Bd4+ 16. Kg3 Na6 17. Ne2 Bf6 18. h4 h5 19. Rhd1 Nc5 20.
Bc7 Re8 21. d6 Bf5 22. Rbc1 Be5+ 23. Kf2 Bxd6 24. Bxd6 Nd3+ 25. Rxd3 Bxd3 26.
Nf4 Be4 27. Bxe4 Rxe4 28. Kf3 Ra4 29. a3 Rd8 30. Be7 Rdd4 31. Nh3 Rd3+ 32. Ke2
Rxh3 33. Bf6 Re4+ 34. Kd2 Rhe3 35. Rc8+ Re8 36. Rc7 Rxa3 37. Rxb7 Ra8 38. Kc2
Rg3 39. Bd4 Rxg2+ 40. Kb3 Rg3+ 41. Kb2 a5 42. Be5 Rg4 43. Bf6 Rb4+ 44. Rxb4
axb4 45. Kb3 Rb8 46. Be7 Kg7 47. Bxb4 f6 48. Kc4 Rxb4+ 49. Kxb4 g5 50. hxg5
fxg5 51. Kc4 Kf6 52. Kd3 Kf5 53. Ke2 Kg4 54. Kf2 Kh3 55. Kg1 Kg3 56. Kh1 Kf2
57. Kh2 g4 58. Kh1 h4 0-1

[Event "Lansing (MI Op/3/17)"]
[Site "?"]
[Date "1996.??.??"]
[Round "?"]
[White "Aldrich, Jeff"]
[Black "Smith, Walt"]
[Result "1-0"]
[WhiteElo "1935"]
[BlackElo "2065"]
[PlyCount "43"]
[EventDate "1996.??.??"]

{3/(17)} 1. d4 c5 2. d5 e6 3. c4 exd5 4. cxd5 g6 5. Nc3 Bg7 6. Nf3 Ne7 7. e4
O-O 8. d6 Nec6 9. Nd5 Re8 10. Bd3 Nb4 11. Nc7 c4 12. Bc2 Re6 13. Nxe6 dxe6 14.
O-O c3 15. bxc3 Bxc3 16. Rb1 N8a6 17. Bg5 f6 18. Be3 h6 19. a3 Nc6 20. Ba4 Bd7
21. Bxc6 Bxc6 22. Qd3 1-0

[Event "Lansing (MI Op/5/22)"]
[Site "?"]
[Date "1996.??.??"]
[Round "?"]
[White "Aldrich, Jeff"]
[Black "Rotberg, Victor"]
[Result "1-0"]
[WhiteElo "1935"]
[BlackElo "1820"]
[PlyCount "111"]
[EventDate "1996.??.??"]

{5/(22)} 1. d4 Nf6 2. c4 e6 3. Nc3 Bb4 4. Qc2 c5 5. dxc5 O-O 6. e3 Nc6 7. Nf3
Qa5 8. Bd2 Bxc5 9. Ne4 Bb4 10. Nxf6+ gxf6 11. Bd3 Qh5 12. Be2 Qg6 13. O-O-O
Qxc2+ 14. Kxc2 Bc5 15. a3 a5 16. Bc3 e5 17. g4 d6 18. g5 Bf5+ 19. Kc1 fxg5 20.
Nxg5 f6 21. Nf3 Kf7 22. Nh4 Be6 23. Bd3 Rg8 24. Bd2 Rg4 25. Nf5 Bxf5 26. Bxf5
Rxc4+ 27. Kb1 Rh4 28. h3 Rg8 29. Bc2 Rg2 30. Bb3+ Ke7 31. Rdg1 Rg5 32. Bd5 Bb6
33. Rf1 e4 34. Bb3 Ne5 35. Bc3 Nf3 36. Rd1 Bc7 37. Bd5 b6 38. b4 Rgh5 39. bxa5
bxa5 40. Ka2 f5 41. Rhg1 Rg5 42. Rxg5 Nxg5 43. Rb1 h6 44. Rb7 Kd8 45. Ra7 Rxh3
46. Bc6 Nh7 47. Ra8+ Ke7 48. Rg8 d5 49. Bxd5 Ng5 50. Kb3 Ne6 51. Kc4 Rh2 52.
Rg6 Nf8 53. Rg7+ Kd8 54. Rxc7 Rxf2 55. Ra7 h5 56. Bxa5+ 1-0